| 000 | 00744nam a2200229 i 4500 | ||
|---|---|---|---|
| 001 | bg | ||
| 245 | 0 | 0 |
_aSłownik biograficzny techników polskich / _cFederacja Stowarzyszeń Naukowo-Technicznych. _nZ. 8 / [red. naczelny Zbigniew Skoczyński]. |
| 260 |
_aWarszawa : _bFSNT, _c1997. |
||
| 300 |
_a205 s. ; _c24 cm. |
||
| 504 | _aBibliogr. przy hasłach. - Indeks. | ||
| 504 | _aIndeks. | ||
| 650 | 9 |
_aInżynierowie _xbiografie _zPolska _y19-20 w. |
|
| 650 | 9 |
_aPracownicy naukowi _xbiografie _zPolska _y19-20 w. |
|
| 700 | 1 |
_aSKOCZYŃSKI, Zbigniew. _eRed. |
|
| 020 | _a8385001328 | ||
| 040 | _cBPK | ||
| 041 | 0 | _apl | |
| 080 | _a62:929](438)"18/19" | ||
| 920 | _a83-85001-32-8 | ||
| 942 | _cKS | ||
| 008 | s pl f |000 0 pol | ||
| 999 |
_c32741 _d32741 |
||
| 856 |
_uhttp://koha.tu.koszalin.pl/cgi-bin/koha/opac-detail.pl?biblionumber=32741 _yKatalog online BPK |
||